000 01201cam a22002651i 4500
003 SA-RiAUC
005 20250903094309.0
008 250902s2005 ua g 00000bara c
040 _aSA-JeALM
_bara
_cSA-RiAUC
_erda
082 0 4 _a922.584
_qSA-RiAUC
090 _a922.584
_bم ر ع
100 1 _aمرعي الكرمي، مرعي بن يوسف بن أبي بكر،
_dتوفي 1033 هجري
_eمؤلف.
245 1 2 _aالشهادة الزكية في ثناء الأئمة على ابن تيمية /
_cتأليف مرعي بن يوسف الكرمي الحنبلي ؛ تحقيق الوليد بن مسلم.
250 _aالطبعة الأولى.
264 1 _aالقاهرة :
_bدار الآثار،
_c2005
300 _a120 صفحة ؛
_c24 سم
336 _aنص
_btxt
_2rdacontent
_3كتاب
337 _aبدون وسيط
_bn
_2rdamedia
338 _aمجلد
_bnc
_2rdacarrier
600 1 7 _aابن تيمية، أحمد بن عبد الحليم بن عبد السلام،
_d661-728 هجري
_2aucnm
650 7 _aالفقهاء الحنابلة
_vتراجم
_2aucsh
700 1 _aمسلم, الوليد.
_eمحقق.
942 _2ddc
_cBOOK
_n0
949 _aSA-JeALM
_d250902
_umohamedma123
_n1
999 _c11427
_d11427